[Event "Let's play some blitz, bitches"]
[Site "SchemingMind.com"]
[Date "2014.11.30"]
[Round "-"]
[White "BigDoggProblem"]
[Black "Mastermind_13"]
[Result "0-1"]
[WhiteCountry "USA"]
[BlackCountry "USA"]
[WhiteElo "1824"]
[WhiteRD "62"]
[BlackElo "1708"]
[BlackRD "78"]
[GameID "369719"]

1. e4 c5 2. Nf3 e6 3. d4 cxd4 4. Nxd4 Nf6 5. Bd3 Nc6 6. Be3 a6 7. c4 d6 8. Nc3 Be7 9. O-O Bd7 10. f4 O-O
11. g4 e5 12. Nxc6 Bxc6 13. g5 Ne8 14. h4 exf4 15. Bxf4 g6 16. Be3 Ng7 17. Bc2 Qc7 18. b3 d5 19. exd5 Qg3+ 20. Kh1 Qh3+
0-1

[Event "Let's play some blitz, bitches"]
[Site "SchemingMind.com"]
[Date "2014.11.29"]
[Round "-"]
[White "Mastermind_13"]
[Black "BigDoggProblem"]
[Result "0-1"]
[WhiteCountry "USA"]
[BlackCountry "USA"]
[WhiteElo "1708"]
[WhiteRD "78"]
[BlackElo "1824"]
[BlackRD "62"]
[GameID "369720"]

1. e4 c5 2. Nf3 Nc6 3. d4 cxd4 4. Nxd4 e6 5. Nc3 a6 6. Be2 Qc7 7. Be3 Nge7 8. O-O Ng6 9. Qd2 Bb4 10. a3 Ba5
11. Nb3 Bb6 12. Rad1 O-O 13. f4 Nxf4 14. Bxb6 Qxb6+ 15. Rf2 Nxe2+ 16. Qxe2 Ne5 17. h3 d6 18. Kh1 Bd7 19. Qf1 Rac8 20. Rfd2 Nc4
21. Rd4 Qc7 22. e5 Ne3 23. Qd3 Nxd1 24. Qxd1 d5 25. Qh5 h6 26. Rg4 Kh8
0-1

[Event "Let's play some blitz, bitches"]
[Site "SchemingMind.com"]
[Date "2014.11.30"]
[Round "-"]
[White "BigDoggProblem"]
[Black "mmccaffe"]
[Result "1/2-1/2"]
[WhiteCountry "USA"]
[BlackCountry "USA"]
[WhiteElo "1824"]
[WhiteRD "62"]
[BlackElo "1717"]
[BlackRD "57"]
[GameID "369747"]

1. e4 c5 2. Nf3 d6 3. d4 cxd4 4. Nxd4 Nf6 5. Nc3 a6 6. Be2 e5 7. Nb3 Be7 8. O-O O-O 9. Kh1 Be6 10. f4 Qc7
11. f5 Bc4 12. Be3 Nbd7 13. Nd2 Bxe2 14. Qxe2 Rac8 15. g4 Nb6 16. g5 Nfd7 17. Qf2 Nc4 18. Nxc4 Qxc4 19. Qg2 Nc5 20. f6 Bd8
21. Rad1 Ne6 22. Rxd6 Nf4 23. Bxf4 exf4 24. Rxf4 Bc7 25. fxg7 Kxg7 26. Qh3 Bxd6 27. Qh6+ Kg8 28. Nd5 f5 29. gxf6 Rf7 30. Qg5+ Kh8
31. Rg4 Qf1+ 32. Rg1 Qf3+ 33. Rg2 Qf1+ 34. Rg1 Qf3+ 35. Rg2 Qf1+ 36. Rg1
1/2-1/2

[Event "Let's play some blitz, bitches"]
[Site "SchemingMind.com"]
[Date "2014.11.30"]
[Round "-"]
[White "mmccaffe"]
[Black "BigDoggProblem"]
[Result "1/2-1/2"]
[WhiteCountry "USA"]
[BlackCountry "USA"]
[WhiteElo "1717"]
[WhiteRD "57"]
[BlackElo "1824"]
[BlackRD "62"]
[GameID "369748"]

1. d4 Nf6 2. c4 c5 3. d5 b5 4. cxb5 a6 5. e3 g6 6. Nc3 Bg7 7. Nf3 axb5 8. Bxb5 O-O 9. O-O d6 10. Nd2 Na6
11. e4 Bd7 12. Bxd7 Nxd7 13. f4 Qc7 14. Qe2 Rfc8 15. Nc4 Nb6 16. Nb5 Qd8 17. Rd1 Na4 18. e5 Rab8 19. Na7 Qc7 20. Nxc8 Rxc8
21. Nxd6 exd6 22. Qxa6 Nb6 23. exd6 Qxd6 24. a4 Bd4+ 25. Kh1 Ra8 26. Qb5 Nxd5 27. Qd3 Nxf4 28. Bxf4 Qxf4 29. Qf3 Qb8 30. Rf1 Ra7
31. Rab1 Qe8 32. Qd5 Rxa4 33. Rbe1 Qf8 34. Qc6 Ra8 35. Re2 Rc8 36. Qd5 Rd8 37. Qf3 Rd6 38. Qb3 Rd7 39. Ra1 Kg7 40. Rae1 Qd6
41. h3 Qf6 42. Qf3 Bxb2 43. Qxf6+=
1/2-1/2

[Event "Let's play some blitz, bitches"]
[Site "SchemingMind.com"]
[Date "2014.11.30"]
[Round "-"]
[White "mmccaffe"]
[Black "Mastermind_13"]
[Result "1-0"]
[WhiteCountry "USA"]
[BlackCountry "USA"]
[WhiteElo "1717"]
[WhiteRD "57"]
[BlackElo "1708"]
[BlackRD "78"]
[GameID "369749"]

1. d4 d5 2. c4 c6 3. Nf3 Nf6 4. Nc3 e6 5. e3 Nbd7 6. Bd3 a6 7. cxd5 exd5 8. h3 Bd6 9. Bd2 O-O 10. Qc2 h6
11. O-O-O Re8 12. Rdg1 c5 13. g4 c4 14. Bf5 Nf8 15. Bxc8 Rxc8 16. g5 hxg5 17. Nxg5 Ng6 18. Nxf7 Kxf7 19. Qxg6+ Ke6 20. Rg5 Bf8
21. Nxd5 Rc6 22. Nxf6 Qxf6 23. Qxe8+ Kd6 24. Qe5+ Qxe5 25. Rxe5
1-0

[Event "Let's play some blitz, bitches"]
[Site "SchemingMind.com"]
[Date "2014.11.30"]
[Round "-"]
[White "Mastermind_13"]
[Black "mmccaffe"]
[Result "1/2-1/2"]
[WhiteCountry "USA"]
[BlackCountry "USA"]
[WhiteElo "1680"]
[WhiteRD "67"]
[BlackElo "1718"]
[BlackRD "59"]
[GameID "369750"]

1. e4 c5 2. Nf3 d6 3. d4 cxd4 4. Nxd4 Nf6 5. Nc3 a6 6. g3 e5 7. Nb3 Be6 8. Bg2 Qc7 9. O-O Be7 10. h3 O-O
11. Be3 Nbd7 12. Nd5 Bxd5 13. exd5 Rac8 14. c3 Nb6 15. Qe2 Nfxd5 16. Rfd1 Nxe3 17. Qxe3 Nc4 18. Qe2 Rfe8 19. Bd5 Nb6 20. Bg2 Nd7
21. Nd2 Nb6 22. Nf3 Qc4 23. Qc2 Nd7 24. Nh2 Rc7 25. Ng4 b5 26. Bd5 Qc5 27. Bg2 b4 28. Rac1 bxc3 29. bxc3 Bg5 30. Ne3 Bxe3
31. fxe3 Qxe3+ 32. Kh2 Qc5 33. Qf5 Rec8 34. Rd5 Qe3 35. Rcd1 Rxc3 36. Qxd7 Qxg3+ 37. Kh1 Rf8 38. Qg4 Qxg4 39. hxg4 Rg3 40. Rxd6 Rxg4
41. Rxa6 f5 42. Ra7 f4 43. Bf3 Rg3 44. Rdd7 Re8 45. Bd5+ Kh8 46. Bf7 Rf8 47. Re7 f3 48. Rxe5 f2 49. Bc4 Rg1+ 50. Kh2 f1=Q
51. Bxf1 Rgxf1 52. Rg5 R1f2+=
1/2-1/2

[Event "Let's play some blitz, bitches"]
[Site "SchemingMind.com"]
[Date "2014.11.30"]
[Round "-"]
[White "bobbassbone"]
[Black "BigDoggProblem"]
[Result "0-1"]
[WhiteCountry "ENG"]
[BlackCountry "USA"]
[WhiteElo "1566"]
[WhiteRD "55"]
[BlackElo "1824"]
[BlackRD "62"]
[GameID "369792"]

1. d4 Nf6 2. Bf4 c5 3. c3 d5 4. e3 Nc6 5. Nf3 e6 6. Nbd2 b6 7. h3 Bb7 8. Bb5 Be7 9. Ne5 Rc8 10. O-O O-O
11. Ndf3 Nd7 12. Nxc6 Bxc6 13. Bxc6 Rxc6 14. Ne5 Rc8 15. Qg4 Re8 16. Bh6 Bf8 17. Bf4 f6 18. Nxd7 Qxd7 19. Rfe1 Qf7 20. Rad1 e5
21. dxe5 fxe5 22. Bg3 g6 23. e4 d4 24. cxd4 cxd4 25. Re2 Bh6 26. Qh4 Kg7 27. Rd3 Rc1+ 28. Kh2 Qxa2 29. f3 Qb1
0-1

[Event "Let's play some blitz, bitches"]
[Site "SchemingMind.com"]
[Date "2014.11.30"]
[Round "-"]
[White "mmccaffe"]
[Black "bobbassbone"]
[Result "1-0"]
[WhiteCountry "USA"]
[BlackCountry "ENG"]
[WhiteElo "1717"]
[WhiteRD "57"]
[BlackElo "1566"]
[BlackRD "55"]
[GameID "369793"]

1. e4 c6 2. d4 d5 3. e5 Bf5 4. Nf3 h6 5. Bd3 Bxd3 6. Qxd3 e6 7. Nbd2 Nd7 8. Nf1 Bb4+ 9. c3 Ba5 10. Ne3 Ne7
11. O-O O-O 12. Ng4 Ng6 13. h3 c5 14. Nfh2 cxd4 15. cxd4 Rc8 16. Bd2 Bxd2 17. Qxd2 Nb6 18. b3 Qe7 19. Rfc1 Rc7 20. Rxc7 Qxc7
21. Rc1 Qd7 22. Nxh6+ gxh6 23. Qxh6 Qe7 24. Ng4
1-0

[Event "Let's play some blitz, bitches"]
[Site "SchemingMind.com"]
[Date "2014.11.30"]
[Round "-"]
[White "bobbassbone"]
[Black "mmccaffe"]
[Result "1-0"]
[WhiteCountry "ENG"]
[BlackCountry "USA"]
[WhiteElo "1566"]
[WhiteRD "55"]
[BlackElo "1717"]
[BlackRD "57"]
[GameID "369794"]

1. d4 Nf6 2. Bf4 g6 3. e3 Bg7 4. c3 d5 5. Nd2 O-O 6. Be2 Nbd7 7. Ngf3 c6 8. h3 Re8 9. g4 Nf8 10. Ne5 N6d7
11. g5 Nxe5 12. Bxe5 Nd7 13. Bxg7 Kxg7 14. h4
1-0

[Event "Let's play some blitz, bitches"]
[Site "SchemingMind.com"]
[Date "2014.11.30"]
[Round "-"]
[White "Mastermind_13"]
[Black "bobbassbone"]
[Result "0-1"]
[WhiteCountry "USA"]
[BlackCountry "ENG"]
[WhiteElo "1708"]
[WhiteRD "78"]
[BlackElo "1566"]
[BlackRD "55"]
[GameID "369795"]

1. e4 c6 2. d4 d5 3. Nc3 dxe4 4. Nxe4 Bf5 5. Ng3 Bg6 6. h4 h6 7. Nf3 e6 8. h5 Bh7 9. Bd3 Bxd3 10. Qxd3 Bd6
11. Bd2 Bxg3 12. fxg3 Nf6 13. O-O-O Nbd7 14. Kb1 Nb6 15. Bb4 Qc7 16. Ne5 Rd8 17. Qf3 Nfd5 18. Bc5 Nf6 19. c3 a6 20. g4 Nbd7
21. Nxd7 Nxd7 22. Ba3 Nb6 23. Qe2 Nd5
0-1

[Event "Let's play some blitz, bitches"]
[Site "SchemingMind.com"]
[Date "2014.11.30"]
[Round "-"]
[White "bobbassbone"]
[Black "Mastermind_13"]
[Result "1-0"]
[WhiteCountry "ENG"]
[BlackCountry "USA"]
[WhiteElo "1534"]
[WhiteRD "56"]
[BlackElo "1680"]
[BlackRD "67"]
[GameID "369796"]

1. d4 d5 2. Bf4 c6 3. e3 Nf6 4. c3 Bf5 5. Nf3 e6 6. Nbd2 Bd6 7. Bg3 O-O 8. Nh4 Bg4 9. Be2 Bxe2 10. Qxe2 Bxg3
11. hxg3 Nbd7 12. g4 e5 13. dxe5 Nxe5 14. g5 Ne4 15. Nxe4 dxe4 16. g6 Nxg6 17. Nxg6 fxg6 18. Rd1 Qg5 19. g3 Rad8 20. Rh4 Rxd1+
21. Qxd1 Rd8 22. Qc2 Qd5 23. Rxe4 b5 24. Ke2 Qh5+ 25. g4 Qh2 26. Qb3+ Kh8 27. Qe6 h6 28. Qxc6 Qg1 29. Rd4 Rxd4 30. cxd4 Qxg4+
31. Qf3 Qe6 32. b3 Kh7 33. e4 Qb6 34. Qc3 a5 35. d5 b4 36. Qc6 Qd4 37. Qc2 h5 38. Qd3 Qb2+ 39. Qd2 Qe5 40. Qd3 Qb2+
41. Qd2 Qe5 42. f3 Qh2+ 43. Ke3 Qe5 44. d6 Qc5+ 45. Qd4 Qc1+ 46. Qd2 Qc5+ 47. Kf4 g5+ 48. Kg3 Qe5+ 49. Kg2 h4 50. d7 Qg3+
51. Kf1 Qxf3+ 52. Ke1 Qh1+ 53. Ke2 Qxe4+ 54. Kd1 Qg4+ 55. Kc1 Qg1+ 56. Kb2 h3 57. d8=Q
1-0

[Event "Let's play some blitz, bitches"]
[Site "SchemingMind.com"]
[Date "2014.12.02"]
[Round "-"]
[White "BigDoggProblem"]
[Black "ray winteringham"]
[Result "1-0"]
[WhiteCountry "USA"]
[BlackCountry "ENG"]
[WhiteElo "1824"]
[WhiteRD "62"]
[BlackElo "1525"]
[BlackRD "50"]
[GameID "369951"]

1. e4 e5 2. Nf3 Nc6 3. Bb5 d6 4. c3 Bd7 5. d4 f6 6. O-O a6 7. Ba4 Qe7 8. d5 Nd8 9. Bc2 c6 10. c4 Nf7
11. Nc3 O-O-O 12. b4 Kb8 13. Be3 c5 14. bxc5 dxc5 15. Ba4 Nd6 16. Rb1 Bxa4 17. Qxa4 Qd7 18. Qxa6 Rc8 19. Na4
1-0

[Event "Let's play some blitz, bitches"]
[Site "SchemingMind.com"]
[Date "2014.12.02"]
[Round "-"]
[White "ray winteringham"]
[Black "BigDoggProblem"]
[Result "0-1"]
[WhiteCountry "ENG"]
[BlackCountry "USA"]
[WhiteElo "1525"]
[WhiteRD "50"]
[BlackElo "1824"]
[BlackRD "62"]
[GameID "369952"]

1. e4 c5 2. b4 cxb4 3. d4 d5 4. e5 e6 5. Bb2 h5 6. Bd3 g6 7. Nf3 Nh6 8. h3 Nf5 9. O-O Nc6 10. c3 a6
11. cxb4 Nxb4 12. Nc3 Nxd3 13. Qxd3 Bd7 14. Qd2 Rc8 15. a4 Qa5 16. Rfb1 Bc6 17. Ba3 Bxa3 18. Rxa3 Kd7 19. Ng5 Ke7 20. Rab3 Rc7
21. Qd1 Rhc8 22. Rb4 Bd7 23. Ne2 b5 24. axb5 Bxb5 25. Nc3 Rxc3 26. Nf3 Qa3 27. Qd2 Rd3 28. Qg5+ Ke8 29. Qf6 Rxf3 30. gxf3 Qxf3
31. R4b3 Qe4 32. Rb4 Nxd4 33. Qh8+ Kd7 34. Qg7 Ne2+ 35. Kh2 Qf3 36. R4b3 Qxf2+
0-1

[Event "Let's play some blitz, bitches"]
[Site "SchemingMind.com"]
[Date "2014.12.03"]
[Round "-"]
[White "mmccaffe"]
[Black "ray winteringham"]
[Result "1-0"]
[WhiteCountry "USA"]
[BlackCountry "ENG"]
[WhiteElo "1717"]
[WhiteRD "57"]
[BlackElo "1525"]
[BlackRD "50"]
[GameID "369953"]

1. e4 e6 2. d4 d5 3. Nd2 Bd6 4. e5 Be7 5. Bd3 f6 6. Qh5+ Kd7 7. Ngf3 Nh6 8. O-O c5 9. c3 c4 10. Bc2 Qe8
11. Qh3 Kc7 12. b3 b5 13. a4 Bd7 14. axb5 f5 15. bxc4 dxc4 16. Rb1 Bxb5 17. Rd1 a6 18. Nf1 Nf7 19. d5 Qd7 20. d6+ Kc8
21. dxe7 Qxe7 22. Nd4 Qb7 23. Nxe6 g6 24. Ne3 Ng5 25. Nxg5
1-0

[Event "Let's play some blitz, bitches"]
[Site "SchemingMind.com"]
[Date "2014.12.02"]
[Round "-"]
[White "ray winteringham"]
[Black "mmccaffe"]
[Result "0-1"]
[WhiteCountry "ENG"]
[BlackCountry "USA"]
[WhiteElo "1525"]
[WhiteRD "50"]
[BlackElo "1717"]
[BlackRD "57"]
[GameID "369954"]

1. e4 c5 2. b4 cxb4 3. d4 Nf6 4. e5 Nd5 5. Nf3 e6 6. Be2 d6 7. Bb2 Nc6 8. c3 bxc3 9. Nxc3 Nxc3 10. Bxc3 dxe5
11. O-O exd4 12. Nxd4 Nxd4 13. Qa4+ Nc6 14. Bb5 Bd7 15. Bxc6 Bxc6 16. Qg4 Rg8 17. Rfd1 Qc7 18. Rac1 Rd8 19. Re1 Qe7 20. h3 g6
21. Qf4 Bg7 22. Bb4 Qf6 23. Qe3 Qd4 24. a3 Qxe3 25. Rxe3 Bh6 26. Ree1 Bxc1 27. Rxc1 Rd5 28. Rc5 Rxc5 29. Bxc5 a6 30. g3 Kd7
31. Kf1 Bb5+ 32. Ke1 Rc8 33. g4 Rxc5
0-1

[Event "Let's play some blitz, bitches"]
[Site "SchemingMind.com"]
[Date "2014.12.02"]
[Round "-"]
[White "ray winteringham"]
[Black "Mastermind_13"]
[Result "0-1"]
[WhiteCountry "ENG"]
[BlackCountry "USA"]
[WhiteElo "1525"]
[WhiteRD "50"]
[BlackElo "1708"]
[BlackRD "78"]
[GameID "369955"]

1. e4 c5 2. b4 e6 3. Bb2 cxb4 4. d4 d5 5. e5 Nc6 6. Nf3 Nge7 7. c3 bxc3 8. Nxc3 Nf5 9. Be2 Qb6 10. Rb1 Bb4
11. O-O Nfxd4 12. Kh1 Nxf3 13. Bxf3 Qa5 14. Qb3 O-O 15. a3 Bxc3 16. Bxc3 Qd8 17. h3 Qg5 18. Qd1 Bd7 19. Qe1 Rab8 20. Bd2 Qxe5
21. Qd1 Qf6 22. Be3 a6 23. Qd3 Ne5 24. Qe2 Bb5 25. Qd2 Nxf3 26. gxf3 Qxf3+ 27. Kh2 Bxf1 28. Rxf1 e5 29. Rg1 Rfe8 30. Rg3 Qe4
31. Qc1 Rbc8 32. Qg1 g6 33. Bh6 Rc2 34. Re3 Qf5 35. Qg2 Rxf2
0-1

[Event "Let's play some blitz, bitches"]
[Site "SchemingMind.com"]
[Date "2014.12.03"]
[Round "-"]
[White "Mastermind_13"]
[Black "ray winteringham"]
[Result "1-0"]
[WhiteCountry "USA"]
[BlackCountry "ENG"]
[WhiteElo "1708"]
[WhiteRD "78"]
[BlackElo "1525"]
[BlackRD "50"]
[GameID "369956"]

1. e4 d6 2. d4 f6 3. Bc4 e6 4. Nf3 Be7 5. O-O d5 6. exd5 Bd6 7. dxe6 Ne7 8. d5 c6 9. Nc3 O-O 10. Re1 b5
11. Bb3 Bb7 12. dxc6 Nbxc6 13. Nxb5 Bc5 14. Qe2 Qb6 15. Bf4 Bxf2+ 16. Qxf2 Qxb5 17. a4 Qb6 18. Be3 Qa6 19. Rad1 Rad8 20. Rd7 Nb4
21. Rxe7 Rfe8 22. Rxe8+ Rxe8 23. Bc5 Nc6 24. e7+ Kh8 25. Bf7 Nxe7 26. Bxe8
1-0

[Event "Let's play some blitz, bitches"]
[Site "SchemingMind.com"]
[Date "2014.12.02"]
[Round "-"]
[White "ray winteringham"]
[Black "bobbassbone"]
[Result "0-1"]
[WhiteCountry "ENG"]
[BlackCountry "ENG"]
[WhiteElo "1525"]
[WhiteRD "50"]
[BlackElo "1566"]
[BlackRD "55"]
[GameID "369957"]

1. e4 c6 2. d4 d5 3. Bd3 dxe4 4. Bxe4 Nf6 5. Nc3 Nxe4 6. Nxe4 Bf5 7. f3 Bxe4 8. fxe4 e6 9. Nf3 Nd7 10. O-O c5
11. c3 cxd4 12. Nxd4 Bc5 13. b4 Bxd4+ 14. cxd4 O-O 15. a4 Rc8 16. Be3 Nf6 17. e5 Nd5 18. Qe1 Rc4 19. b5 Qb6 20. Qg3 Nxe3
21. Qxe3 Qxd4 22. Rfe1 Qxe3+ 23. Rxe3 Rd8 24. h3 Rdd4 25. Rea3 Kf8 26. a5 Rb4 27. b6 axb6 28. axb6 Rxb6 29. Rc3 Rd5 30. Rac1 g6
31. Re3 Rc6 32. Rb1 b5 33. Kf2 Rb6 34. Kf3 b4 35. Reb3 Rxe5 36. Rxb4 Rxb4 37. Rxb4 Rd5 38. Ke4 f5+ 39. Kf4 e5+ 40. Kf3 e4+
41. Kf4 Rd7 42. Rb8+ Kf7 43. Rb3 Re7 44. Re3 Kf6 45. h4 h6 46. g4 g5+ 47. hxg5+ hxg5+
0-1

[Event "Let's play some blitz, bitches"]
[Site "SchemingMind.com"]
[Date "2014.12.03"]
[Round "-"]
[White "bobbassbone"]
[Black "ray winteringham"]
[Result "1-0"]
[WhiteCountry "ENG"]
[BlackCountry "ENG"]
[WhiteElo "1566"]
[WhiteRD "55"]
[BlackElo "1525"]
[BlackRD "50"]
[GameID "369958"]

1. d4 e6 2. Bf4 Nf6 3. e3 Be7 4. c3 O-O 5. Bd3 d6 6. Nf3 h6 7. Nbd2 Bd7 8. h3 a5 9. g4 g5 10. Bg3 Nh7
11. h4 f6 12. hxg5 fxg5 13. Rxh6 Rf6 14. Bxh7+ Kf7 15. Nxg5+ Kg7 16. Rxf6 Bxf6 17. Qc2 Qe8 18. Nh3 Qf7 19. Nf4 Kf8 20. Ng6+ Ke8
21. Nf4 Kd8 22. Qg6 Qe7 23. Qg8+ Be8 24. Bg6 Nd7 25. Bxe8 Qxe8 26. Qxe8+ Kxe8 27. Nxe6 Rc8 28. Ke2 Ke7 29. Nf4 Rg8 30. Nd5+ Ke6
31. Nxc7+ Ke7 32. Nd5+
1-0

[Event "Let's play some blitz, bitches"]
[Site "SchemingMind.com"]
[Date "2014.12.03"]
[Round "-"]
[White "BigDoggProblem"]
[Black "Abstract Actuary"]
[Result "0-1"]
[WhiteCountry "USA"]
[BlackCountry "USA"]
[WhiteElo "1824"]
[WhiteRD "62"]
[BlackElo "1842"]
[BlackRD "74"]
[GameID "370593"]

1. e4 e5 2. Nf3 Nf6 3. Nxe5 d6 4. Nf3 Nxe4 5. d4 d5 6. Bd3 Bd6 7. O-O O-O 8. c4 c6 9. Nc3 Nxc3 10. bxc3 dxc4
11. Bxc4 a5 12. Ng5 b5 13. Bb3 a4 14. Bc2 h6 15. Ne4 Bc7 16. Qd3 Bf5 17. Nf6+ Qxf6 18. Qxf5 Qxf5 19. Bxf5 h5 20. Re1 g6
21. Bd3 Nd7 22. Ba3 Rfe8 23. Be4 Re6 24. d5 cxd5 25. Bxd5 Rxe1+ 26. Rxe1 Rc8 27. Re7 Ne5 28. f4 Bb6+ 29. Kf1 Nc4 30. Rxf7 Ne3+
0-1

[Event "Let's play some blitz, bitches"]
[Site "SchemingMind.com"]
[Date "2014.12.03"]
[Round "-"]
[White "Abstract Actuary"]
[Black "BigDoggProblem"]
[Result "0-1"]
[WhiteCountry "USA"]
[BlackCountry "USA"]
[WhiteElo "1842"]
[WhiteRD "74"]
[BlackElo "1824"]
[BlackRD "62"]
[GameID "370594"]

1. e4 c5 2. Nf3 Nc6 3. d4 cxd4 4. Nxd4 e6 5. Bc4 a6 6. Nc3 Qc7 7. Be3 b5 8. Bb3 Nf6 9. a3 Be7 10. f4 d6
11. Qf3 Bb7 12. Nde2 Na5 13. Ng3 Nc4 14. Bxc4 Qxc4 15. Kf2 h5 16. h4 Ng4+ 17. Kg1 d5 18. Nxh5 Nxe3 19. Kh2 d4 20. Ne2 g6
21. b3 Qc5 22. Nhg3 Rxh4+ 23. Kg1 Nxc2 24. Rxh4 Bxh4 25. b4 Qb6
0-1

[Event "Let's play some blitz, bitches"]
[Site "SchemingMind.com"]
[Date "2014.12.03"]
[Round "-"]
[White "Abstract Actuary"]
[Black "mmccaffe"]
[Result "0-1"]
[WhiteCountry "USA"]
[BlackCountry "USA"]
[WhiteElo "1842"]
[WhiteRD "74"]
[BlackElo "1717"]
[BlackRD "57"]
[GameID "370595"]

1. e4 e5 2. Nf3 Nc6 3. Bb5 a6 4. Bxc6 dxc6 5. O-O f6 6. Nxe5 fxe5 7. Qh5+ Kd7 8. Qxe5 Qf6 9. Qg3 Bd6 10. Qe3 Qf4
11. Qg3 Qxg3 12. fxg3 Bc5+ 13. Kh1 Nh6 14. c3 Rf8 15. Re1 b5 16. d4 Ba7 17. Bxh6 gxh6 18. e5 Bb7 19. Nd2 c5 20. Nb3 cxd4
21. cxd4 Rf2 22. Rad1 Rxg2 23. d5 Rxb2 24. Na5 Rf8 25. Nxb7 Rff2 26. e6+ Ke7 27. d6+ cxd6 28. Rxd6 Rxh2#
0-1

[Event "Let's play some blitz, bitches"]
[Site "SchemingMind.com"]
[Date "2014.12.03"]
[Round "-"]
[White "mmccaffe"]
[Black "Abstract Actuary"]
[Result "1/2-1/2"]
[WhiteCountry "USA"]
[BlackCountry "USA"]
[WhiteElo "1717"]
[WhiteRD "57"]
[BlackElo "1842"]
[BlackRD "74"]
[GameID "370596"]

1. e4 e5 2. Nf3 Nf6 3. Nxe5 d6 4. Nf3 Nxe4 5. d4 d5 6. Bd3 Bd6 7. O-O O-O 8. c4 c6 9. Nc3 Nxc3 10. bxc3 dxc4
11. Bxc4 Bg4 12. h3 Bh5 13. g4 Bg6 14. Bg5 Qc7 15. Re1 Nd7 16. Be7 Rfe8 17. Bxd6 Qxd6 18. Qb3 b5 19. Bf1 h6 20. Rad1 Be4
21. Bg2 Re7 22. Ne5 Bxg2 23. Kxg2 Rae8 24. Nxf7 Qd5+ 25. Qxd5 cxd5 26. Rxe7 Rxe7 27. Nd6 a6 28. Kf1 Nb6 29. Re1 Rc7 30. Rc1 Na4
31. Nf5 Rxc3 32. Re1 Rc7 33. Ne7+=
1/2-1/2

[Event "Let's play some blitz, bitches"]
[Site "SchemingMind.com"]
[Date "2014.12.03"]
[Round "-"]
[White "Abstract Actuary"]
[Black "ray winteringham"]
[Result "1-0"]
[WhiteCountry "USA"]
[BlackCountry "ENG"]
[WhiteElo "1842"]
[WhiteRD "74"]
[BlackElo "1525"]
[BlackRD "50"]
[GameID "370597"]

1. e4 e5 2. Bc4 g6 3. Nf3 d6 4. d4 exd4 5. Nxd4 Bg7 6. Qf3 Nf6 7. Bg5 O-O 8. O-O Nc6 9. Nxc6 bxc6 10. Rd1 Be6
11. Ba6 h6 12. Bh4 Qb8 13. Bxf6 d5 14. Nd2 Qb6 15. Bd3 Rab8 16. b3 Qb4 17. e5 h5 18. Bxg7 Kxg7 19. Qf6+ Kg8 20. Nf3 Rbe8
21. Ng5 Qe7 22. Qxe7 Rxe7 23. Nxe6 Rxe6 24. f4 Kg7 25. Kf2 f6 26. exf6+ Rexf6 27. g3 g5 28. f5 c5 29. c4 d4 30. h3 g4
31. h4 Rxf5+ 32. Bxf5 Rxf5+ 33. Kg2 Rf3 34. Rf1
1-0

[Event "Let's play some blitz, bitches"]
[Site "SchemingMind.com"]
[Date "2014.12.03"]
[Round "-"]
[White "ray winteringham"]
[Black "Abstract Actuary"]
[Result "0-1"]
[WhiteCountry "ENG"]
[BlackCountry "USA"]
[WhiteElo "1525"]
[WhiteRD "50"]
[BlackElo "1842"]
[BlackRD "74"]
[GameID "370598"]

1. d4 Nf6 2. e3 c5 3. Bc4 d5 4. Bb3 b5 5. dxc5 e5 6. Ne2 Bxc5 7. O-O Bb7 8. h3 Qc7 9. Nbc3 O-O 10. Nxb5 Qc6
11. c4 dxc4 12. Bxc4 Qxg2#
0-1

[Event "Let's play some blitz, bitches"]
[Site "SchemingMind.com"]
[Date "2014.12.03"]
[Round "-"]
[White "Abstract Actuary"]
[Black "Mastermind_13"]
[Result "1-0"]
[WhiteCountry "USA"]
[BlackCountry "USA"]
[WhiteElo "1835"]
[WhiteRD "75"]
[BlackElo "1680"]
[BlackRD "67"]
[GameID "370599"]

1. e4 c5 2. Nf3 e6 3. d4 cxd4 4. Nxd4 Nf6 5. Nc3 Nc6 6. Bc4 Qb6 7. Nxc6 bxc6 8. O-O Be7 9. Bb3 O-O 10. Be3 Bc5
11. Na4 Qb4 12. Bxc5 Qxe4 13. Bxf8 Kxf8 14. Nc3 Qf4 15. Qf3 Qh4 16. Qg3 Qb4 17. Rad1 Ba6 18. Rfe1 Rc8 19. h3 d5 20. a3 Qb6
21. Qd6+ Kg8 22. Na4 Qa5 23. f3 Rd8 24. Qxc6 Bc8 25. Qc5 Qxc5+ 26. Nxc5 g6 27. Kf2 Kg7 28. g4 h5 29. Ba2 hxg4 30. hxg4 g5
31. b4 Ne8 32. c4 Nc7 33. cxd5 exd5 34. Re7 Ne6 35. Rxd5 Rxd5 36. Bxd5 Kf6 37. Rxa7
1-0

[Event "Let's play some blitz, bitches"]
[Site "SchemingMind.com"]
[Date "2014.12.03"]
[Round "-"]
[White "Mastermind_13"]
[Black "Abstract Actuary"]
[Result "1-0"]
[WhiteCountry "USA"]
[BlackCountry "USA"]
[WhiteElo "1680"]
[WhiteRD "67"]
[BlackElo "1835"]
[BlackRD "75"]
[GameID "370600"]

1. e4 e5 2. Nf3 Nf6 3. Nxe5 d6 4. Nf3 Nxe4 5. Nc3 Nxc3 6. dxc3 Bg4 7. Be2 Be7 8. Bf4 O-O 9. Qd2 Re8 10. O-O-O Nd7
11. h3 Bh5 12. g4 Bg6 13. Bc4 Be4 14. Be2 d5 15. Rhg1 a5 16. Nd4 Bh4 17. f3 Bg6 18. Bg3 Bg5 19. f4 Bh4 20. f5 Bg5
21. Bf4 Bxf4 22. Qxf4 Bxf5 23. gxf5 Nf6 24. Bd3 c5 25. Nf3 Qb6 26. c4 dxc4 27. Bxc4 Qb4 28. Bxf7+ Kxf7 29. Qc7+ Re7 30. Rxg7+ Kxg7
31. Qxe7+ Kg8 32. Rg1+ Ng4 33. Rxg4+ Qxg4 34. hxg4 Rf8 35. Ng5
1-0

[Event "Let's play some blitz, bitches"]
[Site "SchemingMind.com"]
[Date "2014.12.04"]
[Round "-"]
[White "Abstract Actuary"]
[Black "bobbassbone"]
[Result "1-0"]
[WhiteCountry "USA"]
[BlackCountry "ENG"]
[WhiteElo "1842"]
[WhiteRD "74"]
[BlackElo "1566"]
[BlackRD "55"]
[GameID "370601"]

1. e4 c6 2. d4 d5 3. exd5 cxd5 4. c4 dxc4 5. Bxc4 Nf6 6. Nc3 Bf5 7. Bf4 e6 8. a3 Bd6 9. Qf3 Nc6 10. Bb5 Qb6
11. Bxc6+ Qxc6 12. Qxc6+ bxc6 13. Bxd6 Kd7 14. Be5 Nd5 15. Nf3 Rac8 16. O-O f6 17. Bg3 c5 18. dxc5 Nxc3 19. bxc3 Rxc5 20. Rfd1+ Kc6
21. Nd4+ Kb7 22. Nxf5 exf5 23. Rd7+ Kb6 24. Rb1+ Kc6 25. Rd6+ Kc7 26. Rxf6+ Kc8 27. Rb8+
1-0

[Event "Let's play some blitz, bitches"]
[Site "SchemingMind.com"]
[Date "2014.12.04"]
[Round "-"]
[White "bobbassbone"]
[Black "Abstract Actuary"]
[Result "0-1"]
[WhiteCountry "ENG"]
[BlackCountry "USA"]
[WhiteElo "1566"]
[WhiteRD "55"]
[BlackElo "1842"]
[BlackRD "74"]
[GameID "370602"]

1. d4 Nf6 2. Bf4 c5 3. c3 cxd4 4. cxd4 d5 5. e3 Qa5+ 6. Qd2 Qxd2+ 7. Nxd2 Bf5 8. Bb5+ Nbd7 9. Ngf3 a6 10. Bxd7+ Bxd7
11. Ke2 Bb5+ 12. Ke1 e6 13. a4 Bd3 14. Rc1 Bb4 15. Ne5 Bxd2+ 16. Kxd2 Bg6 17. Rc7 Ne4+ 18. Ke2 Rb8 19. Nxg6 hxg6 20. Rhc1 O-O
21. Re7 Rbc8 22. Rcc7 g5 23. Bg3 b5 24. axb5 axb5 25. Be5 Rxc7 26. Rxc7 f6 27. Bg3 Nxg3+ 28. hxg3 Rb8 29. Kd3 b4 30. f4 g4
31. Rc6 Kf7 32. Kc2 g5 33. Kb3 gxf4 34. gxf4 g3 35. Ra6 e5 36. dxe5 fxe5 37. fxe5 Re8 38. Kxb4 Rxe5 39. Ra5 Ke6 40. Ra3 Re4+
41. Kc5 Rc4+ 42. Kb5 Rc2 43. b4 Rxg2 44. Ra1 Re2 45. Rg1 Rxe3 46. Kc5 Rd3 47. b5 Ke5 48. Kc6 Rb3 49. b6 d4 50. b7 Kf4
51. Kc7 Kf3 52. Rd1 Ke3 53. b8=Q Rxb8 54. Kxb8 d3 55. Re1+ Kf2 56. Re7 g2 57. Rf7+ Ke3 58. Re7+ Kf4 59. Rf7+ Ke5
0-1